| 000 | 00980nam a22002297a 4500 | ||
|---|---|---|---|
| 999 |
_c10601 _d10601 |
||
| 003 | AR-CdUCM | ||
| 008 | 190401b ||||| |||| 00| 0 spa d | ||
| 040 |
_aMUNICIPALIDAD PROVINCIAL DEL CUSCO _cBIBLIOTECA MUNICIPAL DEL CUSCO |
||
| 082 |
_a507 / _bB85 / 1924 |
||
| 100 |
_aBruño, G. M. _927558 |
||
| 245 |
_aCurso elemental Ciencias Físicas y Naturales : _bHistoria Natural é Higiene / |
||
| 260 |
_aParís : _bDe la Vda. de C. Bouret, _c1924. |
||
| 300 |
_a437, 8 páginas ; _bilustraciones, figuras, _c17 cm. |
||
| 440 |
_aColección de libros escolares de G. M. Bruño. _927559 |
||
| 505 | _aContenido: Analogía y Fisiología animales -- Zoología descriptiva -- Animales útiles y dañinos -- Anatomía y fisiología vegetales -- Botánica clasificación -- Plantas útiles y dañosas ... | ||
| 650 |
_aQuímica _94512 |
||
| 650 |
_aCiencias naturales _910176 |
||
| 650 |
_aFísica _92382 |
||
| 650 |
_aTextos escolares _94527 |
||
| 942 |
_2ddc _cLIBROS |
||
| 945 | _aachl | ||